000 00645nam a2200241Ia 4500
003 GCL
008 140319s9999 xx 000 0 eng d
020 _a0812923502
040 _aGCL /
_cGCL
082 0 4 _a909.829
_bB J
100 1 _aBARBER, BENJAMIN R.
245 1 0 _aJIHAD VS . MCWORLD /
_cBARBER, BENJAMIN R.
260 _aنيويورك :
_bTIMES BOOKS ،
_c1995
300 _a24 CM ؛
_c381 P
650 0 4 _aSOCIAL HISTORY
650 0 4 _aDEMOCRACY
650 0 4 _aCAPITALISM
650 0 4 _aNATIONALISM
650 0 4 _aSOCIAL VALUES
650 0 4 _aRELIGIOUS FUNDAMENTALISM
650 0 4 _aSOCIAL HISTORY - 20 TH CENTURY
942 _2ddc
_cBK
999 _c8010
_d8010